000 00508nam a2200181Ia 4500
005 20250508152916.0
008 008 250505s9999 xx 000 0 eng d
037 _aBooks to be hide in OPAC
040 _aFEDL
_beng
_cFEDL
041 _aeng
_2eng
084 _a300.7, IYE/O
_qFEDL
100 _aIyer P H S
_9762725
245 0 _aOur land for juniors
260 _aNew Delhi, India
_bGupta Pustak Bhandar
_c1961
300 _a143p.
942 _cHB
_h300.7, IYE/O
999 _c1339551
_d1339551